| 000 | 00583nam a22001817a 4500 | ||
|---|---|---|---|
| 005 | 20100925163128.0 | ||
| 008 | 100925t xxu||||| |||| 00| 0 eng d | ||
| 020 | _c30.00 | ||
| 035 | _aA-879037 | ||
| 082 | _aS | ||
| 100 |
_aDas, Manoj _921789 |
||
| 245 |
_aThe fourth friend / _cby Manoj Das ; illustrated by Sisir Dutta |
||
| 260 |
_aMadras _bChandamama Books _c1996 |
||
| 300 |
_a49p. _bill. _c17cm (pbk) |
||
| 700 |
_aDutta Sisir _921790 |
||
| 942 |
_2ddc _cCH _hS _mDAS |
||
| 999 |
_c47790 _d47790 |
||